[Event "4NCL Online Division 7"]
[Site "online"]
[Date "2021.03.09"]
[EventDate "2021.03.09"]
[Round "4.161"]
[White "Rosenbaum, Danny"]
[WhiteElo "1723"]
[WhiteTeam "Hackney Go Lucky"]
[Black "Thorndyke, Alexander"]
[BlackElo "1435"]
[BlackTeam "Horsham 3"]
[Result "1-0"]
[PlyCount "71"]

1. e4 c5 2. Nf3 e6 3. d4 cxd4 4. Nxd4 Nf6 5. f3 Nc6 6. Nc3 Bb4 7. Bg5 d5 8. Bb5 Qa5 9. Bxc6+ bxc6 10. Bd2 Qb6 11. Nb3 dxe4 12. Nxe4 Nxe4 13. fxe4 O-O 14. a3 Qe3+ 15. Qe2 Qxe2+ 16. Kxe2 Ba6+ 17. Kf3 Bxd2 18. Nxd2 Rad8 19. Nb3 f5 20. e5 Bb7 21. Nc5 Bc8 22. Rad1 Rd5 23. Rxd5 cxd5 24. b4 g5 25. h4 g4+ 26. Kf4 h6 27. g3 Rf7 28. Rd1 Bb7 29. Nxe6 Bc8 30. Nd4 Kg7 31. Re1 Rc7 32. e6 Rc4 33. Ke5 Kf8 34. Kxd5 Rc3 35. Nxf5 Rxa3 36. e7+ 1-0

[Event "4NCL Online Division 7"]
[Site "online"]
[Date "2021.03.09"]
[EventDate "2021.03.09"]
[Round "4.162"]
[White "Roberts, Harry"]
[WhiteElo "1248"]
[WhiteTeam "Horsham 3"]
[Black "Jones, Zebedee"]
[BlackElo "1635"]
[BlackTeam "Hackney Go Lucky"]
[Result "0-1"]
[PlyCount "80"]

1. e4 c5 2. Nf3 d6 3. d4 cxd4 4. Nxd4 Nf6 5. Nc3 a6 6. Be2 e5 7. Nb3 Be6 8. O-O Be7 9. Bd2 d5 10. exd5 Nxd5 11. Nxd5 Bxd5 12. Re1 Nc6 13. c4 Be6 14. Bc3 Qc7 15. Qc2 O-O 16. h3 f5 17. Nd2 Rad8 18. Rad1 e4 19. Nxe4 fxe4 20. Qxe4 Bf5 21. Qe3 Bb4 22. a3 Bxc3 23. Qxc3 Rfe8 24. Rxd8 Rxd8 25. Rd1 Rxd1+ 26. Bxd1 Bg6 27. b4 Qe5 28. Qd2 Qd4 29. Qe2 Ne5 30. Bb3 Bf7 31. Bc2 Bxc4 32. Qh5 Ng6 33. Bxg6 hxg6 34. Qxg6 Qd8 35. Qe4 Qc8 36. h4 Bb5 37. h5 Bc6 38. Qc4+ Kh8 39. Qc1 Qg4 40. g3 Qxh5 0-1

[Event "4NCL Online Division 7"]
[Site "online"]
[Date "2021.03.09"]
[EventDate "2021.03.09"]
[Round "4.163"]
[White "Wouters, Olivier"]
[WhiteElo "1400"]
[WhiteTeam "Hackney Go Lucky"]
[Black "Hosker, Monika"]
[BlackElo "1237"]
[BlackTeam "Horsham 3"]
[Result "0-1"]
[PlyCount "132"]

1. e4 c6 2. d4 d5 3. e5 c5 4. c3 Bf5 5. Bd3 Bxd3 6. Qxd3 c4 7. Qd1 Qb6 8. Nf3 f6 9. O-O fxe5 10. Nxe5 Nf6 11. b3 g6 12. bxc4 dxc4 13. Nxc4 Qe6 14. Ne5 Bg7 15. Re1 Qc8 16. Qe2 O-O 17. Bg5 Nc6 18. Qc4+ e6 19. Nxc6 Qxc6 20. Qxc6 bxc6 21. Rxe6 Rac8 22. Nd2 c5 23. Nf3 Nd5 24. c4 Nb6 25. Rc1 cxd4 26. c5 Nd5 27. c6 Nc3 28. Rc2 Rfe8 29. Rd6 Ne4 30. Rd5 d3 31. Rc1 d2 32. Nxd2 Nxg5 33. Rxg5 Bh6 34. Rd5 Re2 35. Rd1 Rxc6 36. Kf1 Re7 37. Nf3 Ra6 38. Rd8+ Kf7 39. h4 Rxa2 40. Re1 Bg7 41. Ng5+ Kf6 42. Nxh7+ Kf7 43. Rxe7+ Kxe7 44. Ra8 Bd4 45. g4 Rxf2+ 46. Ke1 Rh2 47. Rg8 Rxh4 48. Ng5 Rxg4 49. Rxg6 Rg1+ 50. Ke2 Bb6 51. Re6+ Kd7 52. Rg6 Kc8 53. Rg8+ Kb7 54. Rg7+ Ka6 55. Kf3 Kb5 56. Ke4 a5 57. Kf5 a4 58. Rg8 Bd4 59. Nf3 Rxg8 60. Nxd4+ Kb4 61. Nc2+ Kb3 62. Nd4+ Kb2 63. Nb5 Rb8 64. Nd4 a3 65. Nc6 Rb6 66. Nd4 a2 0-1

[Event "4NCL Online Division 7"]
[Site "online"]
[Date "2021.03.09"]
[EventDate "2021.03.09"]
[Round "4.164"]
[White "Cowley, Charlie"]
[WhiteElo "1219"]
[WhiteTeam "Horsham 3"]
[Black "Nabijou, Kayvon"]
[BlackElo "1300"]
[BlackTeam "Hackney Go Lucky"]
[Result "1-0"]
[PlyCount "91"]

1. c4 Nf6 2. Nc3 e6 3. g3 d5 4. Bg2 b6 5. Nf3 d4 6. Nb5 Bb7 7. d3 Bb4+ 8. Bd2 Bxd2+ 9. Qxd2 e5 10. O-O a6 11. Na3 Nbd7 12. Qb4 Nc5 13. Nxe5 Bxg2 14. Kxg2 O-O 15. Nc2 Re8 16. Nc6 Nd5 17. Qxc5 bxc5 18. Nxd8 Rxe2 19. cxd5 Rxc2 20. Nc6 Re8 21. Rfe1 Ree2 22. Rxe2 Rxe2 23. b3 Rd2 24. Ne5 f6 25. Nd7 Rxd3 26. Nxc5 Rc3 27. Nxa6 Kf7 28. Rd1 c5 29. dxc6 Rxc6 30. Nb4 Rd6 31. Nd3 Ke6 32. a4 Kd5 33. Rc1 Rb6 34. b4 Ke4 35. Nc5+ Kd5 36. Rb1 Kc4 37. a5 Rd6 38. Ne4 Rd8 39. b5 d3 40. b6 f5 41. Nd2+ Kc3 42. b7 Kxd2 43. b8=Q Rxb8 44. Rxb8 Ke2 45. Rd8 d2 46. Rxd2+ 1-0

[Event "4NCL Online Division 7"]
[Site "online"]
[Date "2021.03.09"]
[EventDate "2021.03.09"]
[Round "4.171"]
[White "Jones, Humphrey C N"]
[WhiteElo "1631"]
[WhiteTeam "Charlton Cobras B"]
[Black "Addis, Joseph"]
[BlackElo "1825"]
[BlackTeam "Newport B"]
[Result "0-1"]
[PlyCount "76"]

1. e4 c6 2. d4 d5 3. e5 c5 4. c3 Nc6 5. Bd3 cxd4 6. cxd4 Nxd4 7. Qa4+ Nc6 8. Nf3 e6 9. Nc3 Bb4 10. Bd2 Bxc3 11. Bxc3 Bd7 12. Qd1 Nge7 13. O-O Ng6 14. g3 O-O 15. Re1 Qb6 16. a3 d4 17. Bxg6 fxg6 18. Nxd4 Rad8 19. Nf3 g5 20. Rf1 Be8 21. Qe2 Bh5 22. Qe3 Bxf3 23. Qxg5 Be2 24. Kg2 Bxf1+ 25. Rxf1 Nd4 26. f4 Qc6+ 27. Kh3 Nf5 28. Bb4 Ne3 29. Rg1 Rfe8 30. Bd6 Nf5 31. Qh5 Nxd6 32. exd6 Qxd6 33. Re1 e5 34. fxe5 Qe6+ 35. Kg2 Rd2+ 36. Kg1 Qb6+ 37. Kh1 Qc6+ 38. Kg1 Qg2# 0-1

[Event "4NCL Online Division 7"]
[Site "online"]
[Date "2021.03.09"]
[EventDate "2021.03.09"]
[Round "4.172"]
[White "Carter, Neil"]
[WhiteElo "1740"]
[WhiteTeam "Newport B"]
[Black "Rogers, David M"]
[BlackElo "1547"]
[BlackTeam "Charlton Cobras B"]
[Result "0-1"]
[PlyCount "54"]

1. d4 Nf6 2. c4 e6 3. Nc3 Bb4 4. Bg5 c5 5. d5 d6 6. a3 Bxc3+ 7. bxc3 h6 8. Bxf6 Qxf6 9. Qb3 O-O 10. g3 b6 11. dxe6 fxe6 12. Nh3 Bb7 13. Rg1 Nc6 14. e4 Ne5 15. Be2 Bxe4 16. O-O-O Bf3 17. Rge1 Bxe2 18. Rxe2 Qf5 19. Rxd6 Nd3+ 20. Kd2 Rad8 21. Rexe6 Qxh3 22. Kxd3 Qf1+ 23. Ke4 Rxd6 24. Rxd6 Qe2+ 25. Kd5 Qf3+ 26. Ke6 Qf5+ 27. Ke7 Qf7# 0-1

[Event "4NCL Online Division 7"]
[Site "online"]
[Date "2021.03.09"]
[EventDate "2021.03.09"]
[Round "4.173"]
[White "Stebbings, Robert J"]
[WhiteElo "1598"]
[WhiteTeam "Charlton Cobras B"]
[Black "Gibiec, Mateusz"]
[BlackElo "1720"]
[BlackTeam "Newport B"]
[Result "1/2-1/2"]
[PlyCount "43"]

1. c4 c6 2. Nc3 Nf6 3. g3 d5 4. cxd5 Nxd5 5. Nf3 Nxc3 6. bxc3 Bf5 7. Bg2 e6 8. O-O Bd6 9. d3 O-O 10. Nh4 Bg4 11. h3 Bh5 12. Rb1 Qe7 13. Re1 Na6 14. Be3 Nc5 15. Bxc5 Bxc5 16. Qb3 Bb6 17. Nf3 e5 18. Nd2 Qc5 19. Ne4 Qe7 20. Nd2 Qc5 21. Ne4 Qe7 22. Nd2 1/2-1/2

[Event "4NCL Online Division 7"]
[Site "online"]
[Date "2021.03.09"]
[EventDate "2021.03.09"]
[Round "4.174"]
[White "Connolly, David"]
[WhiteElo "1540"]
[WhiteTeam "Newport B"]
[Black "Bazan, Mateusz"]
[BlackElo "1595"]
[BlackTeam "Charlton Cobras B"]
[Result "1/2-1/2"]
[PlyCount "55"]

1. Nf3 d5 2. g3 g6 3. Bg2 Bg7 4. O-O Nf6 5. d4 O-O 6. e3 c6 7. b3 Nbd7 8. Nbd2 b6 9. Re1 Bb7 10. Ba3 c5 11. Rc1 Re8 12. c4 dxc4 13. Nxc4 cxd4 14. exd4 Rc8 15. Rc2 b5 16. Ncd2 Rxc2 17. Qxc2 Nd5 18. Ne4 b4 19. Bb2 a5 20. Nc5 Nxc5 21. Qxc5 Qb6 22. Qxb6 Nxb6 23. Rc1 Rc8 24. Rxc8+ Nxc8 25. Ne5 Bxg2 26. Kxg2 Na7 27. f4 Kf8 28. Nc4 1/2-1/2

[Event "4NCL Online Division 7"]
[Site "online"]
[Date "2021.03.09"]
[EventDate "2021.03.09"]
[Round "4.181"]
[White "Abubakar, Abdi"]
[WhiteElo "1759"]
[WhiteTeam "Braunstone 2"]
[Black "Clarke, Anthony J"]
[BlackElo "1430"]
[BlackTeam "Enfield 2"]
[Result "1-0"]
[PlyCount "51"]

1. d4 d5 2. Nf3 Nf6 3. c4 e6 4. Nc3 c6 5. c5 Nbd7 6. e3 g6 7. Bd2 Bg7 8. Bd3 O-O 9. O-O Re8 10. b4 e5 11. dxe5 Nxe5 12. Nxe5 Rxe5 13. Rc1 Re8 14. Ne2 Qc7 15. Ng3 Ne4 16. Bxe4 dxe4 17. Bc3 Be5 18. Bxe5 Qxe5 19. Rc4 Bf5 20. Rd4 Qe7 21. Nxf5 gxf5 22. Qh5 Kh8 23. Qxf5 Qe6 24. Qf4 f5 25. Rd6 Qg6 26. Rxg6 1-0

[Event "4NCL Online Division 7"]
[Site "online"]
[Date "2021.03.09"]
[EventDate "2021.03.09"]
[Round "4.182"]
[White "McWilliams, Mark"]
[WhiteElo "1380"]
[WhiteTeam "Enfield 2"]
[Black "Sumagaysay, Neil"]
[BlackElo "1689"]
[BlackTeam "Braunstone 2"]
[Result "0-1"]
[PlyCount "70"]

1. e4 e5 2. f4 Nc6 3. Nf3 d6 4. Bb5 Bd7 5. Nc3 Nf6 6. O-O exf4 7. d3 a6 8. Bxc6 Bxc6 9. Bxf4 Be7 10. Nd4 Bd7 11. Qd2 O-O 12. Rae1 Ng4 13. h3 Ne5 14. Nd5 Bh4 15. Re2 c6 16. Ne3 Qb6 17. Bxe5 dxe5 18. Ndf5 Bg5 19. Kh1 Qxb2 20. Qe1 Qxa2 21. Qg3 Bxf5 22. Nxf5 Bf6 23. Ref2 Qe6 24. Nh6+ Kh8 25. Ng4 Be7 26. Rf5 Qg6 27. Qxe5 Bd6 28. Qd4 c5 29. Qd5 Rad8 30. Rg5 Qe6 31. Rgf5 Qxd5 32. exd5 f6 33. Rb1 b5 34. Nf2 Be5 35. Ra1 Bxa1 0-1

[Event "4NCL Online Division 7"]
[Site "online"]
[Date "2021.03.09"]
[EventDate "2021.03.09"]
[Round "4.183"]
[White "Pyun, Lindsay"]
[WhiteElo "1428"]
[WhiteTeam "Braunstone 2"]
[Black "McHugh, Ralph"]
[BlackElo "1311"]
[BlackTeam "Enfield 2"]
[Result "1-0"]
[PlyCount "101"]

1. e4 d6 2. d4 Nf6 3. Nc3 g6 4. Nf3 Bg7 5. Be3 O-O 6. Bd3 Nc6 7. O-O a6 8. Qd2 e5 9. dxe5 Nxe5 10. Nxe5 dxe5 11. Be2 Qxd2 12. Bxd2 b5 13. a3 Bb7 14. f3 Rad8 15. Be3 Nh5 16. Rad1 Nf4 17. Rd2 Nxe2+ 18. Nxe2 Rxd2 19. Bxd2 f5 20. Bb4 Rf7 21. exf5 Rxf5 22. Bc3 e4 23. Bxg7 Kxg7 24. fxe4 Rxf1+ 25. Kxf1 Bxe4 26. c3 Kf6 27. Nd4 Bd5 28. g3 c5 29. Nc2 h5 30. Ke2 Ke5 31. Ke3 Be4 32. Ne1 Bf5 33. Nf3+ Kd5 34. Nd2 g5 35. b3 a5 36. c4+ Kc6 37. Nf3 g4 38. Ne5+ Kb6 39. Nd3 b4 40. axb4 axb4 41. Ke2 Kc6 42. Kd2 Kd6 43. Nf4 Ke5 44. Nxh5 Ke4 45. Nf4 Kf3 46. Nd5 Kg2 47. Ne3+ Kxh2 48. Nxf5 Kg2 49. Ke2 Kh3 50. Kf2 Kh2 51. Ng7 1-0

[Event "4NCL Online Division 7"]
[Site "online"]
[Date "2021.03.09"]
[EventDate "2021.03.09"]
[Round "4.184"]
[White "Dometakis, Lakis"]
[WhiteElo "1276"]
[WhiteTeam "Enfield 2"]
[Black "Mehta, Sophie"]
[BlackElo "1360"]
[BlackTeam "Braunstone 2"]
[Result "0-1"]
[PlyCount "80"]

1. e4 c5 2. Nf3 Nc6 3. d4 cxd4 4. Nxd4 e6 5. Nc3 g6 6. Bc4 Bg7 7. Nxc6 bxc6 8. Bd2 Nf6 9. Qe2 O-O 10. O-O-O d5 11. Bb3 Rb8 12. Bg5 Qb6 13. exd5 Nxd5 14. Nxd5 cxd5 15. Kb1 a5 16. a4 Ba6 17. Qf3 Rfc8 18. Bc1 Bc4 19. h4 Bxb3 20. Qxb3 Qxb3 21. cxb3 Rxb3 22. Rd2 Rcb8 23. g4 Bc3 24. Re2 d4 25. f4 d3 26. Rg2 d2 27. Bxd2 Rxb2+ 28. Kc1 Rb1+ 29. Kc2 Rxh1 30. Bxc3 Rxh4 31. Be5 Rc8+ 32. Kd3 Rh3+ 33. Ke4 f5+ 34. gxf5 exf5+ 35. Kd5 Rd3+ 36. Ke6 Rc6+ 37. Ke7 Rb3 38. Rd2 Rb7+ 39. Rd7 Rxd7+ 40. Kxd7 Rc4 0-1

[Event "4NCL Online Division 7"]
[Site "online"]
[Date "2021.03.09"]
[EventDate "2021.03.09"]
[Round "4.191"]
[White "Ivan, Austin"]
[WhiteElo "1660"]
[WhiteTeam "Harrow 4"]
[Black "Johnson, Andy G"]
[BlackElo "1707"]
[BlackTeam "Fossa Corieltauvorum"]
[Result "1-0"]
[PlyCount "59"]

1. d4 d6 2. Nc3 g6 3. Bf4 Bg7 4. e4 Nd7 5. h4 c5 6. d5 Ne5 7. Be2 a6 8. a4 Qa5 9. h5 Bg4 10. Qd2 Nf6 11. hxg6 hxg6 12. Rxh8+ Bxh8 13. f3 Bd7 14. Bxe5 dxe5 15. Kf2 b5 16. Qc1 b4 17. Nd1 Rc8 18. b3 Qc7 19. Qh6 e6 20. Qxh8+ Ke7 21. Qh4 Qb8 22. Ne3 Rh8 23. Qg3 Nh5 24. Qg5+ f6 25. Qxg6 Be8 26. Qg4 Bf7 27. dxe6 Bxe6 28. Nf5+ Kf7 29. Bc4 Nf4 30. Qg7+ 1-0

[Event "4NCL Online Division 7"]
[Site "online"]
[Date "2021.03.09"]
[EventDate "2021.03.09"]
[Round "4.192"]
[White "Townsend, Ray P"]
[WhiteElo "1698"]
[WhiteTeam "Fossa Corieltauvorum"]
[Black "Gurjar, Siena"]
[BlackElo "1455"]
[BlackTeam "Harrow 4"]
[Result "1-0"]
[PlyCount "85"]

1. f4 d5 2. Nf3 Nf6 3. e3 Nc6 4. Bb5 Bd7 5. O-O e6 6. b3 Bc5 7. Ba3 Bxa3 8. Nxa3 O-O 9. c3 a6 10. Bd3 Qe7 11. Nc2 Rac8 12. Ncd4 e5 13. Nxc6 Bxc6 14. Nxe5 Rcd8 15. Nxc6 bxc6 16. Bxa6 Qe4 17. Be2 Rfe8 18. Rf3 h6 19. Rg3 Qe6 20. Qc2 Ne4 21. Rf3 Rd6 22. b4 Rdd8 23. Rff1 Qg6 24. Bd3 Qe6 25. a4 Ra8 26. a5 Reb8 27. Rfb1 Kf8 28. b5 cxb5 29. Rxb5 Rxb5 30. Bxb5 Nf6 31. Be2 Qe4 32. Qb2 Qe7 33. a6 Qc5 34. Qb4 Qxb4 35. cxb4 Nd7 36. Kf2 Nb6 37. b5 Ke7 38. d3 Kd7 39. Bg4+ Kd6 40. Bf3 c6 41. bxc6 Kxc6 42. e4 d4 43. e5+ 1-0

[Event "4NCL Online Division 7"]
[Site "online"]
[Date "2021.03.09"]
[EventDate "2021.03.09"]
[Round "4.193"]
[White "Patel, Krrish"]
[WhiteElo "1411"]
[WhiteTeam "Harrow 4"]
[Black "Gray, Paul"]
[BlackElo "1608"]
[BlackTeam "Fossa Corieltauvorum"]
[Result "1-0"]
[PlyCount "87"]

1. d4 c6 2. Nc3 d6 3. Bf4 Nd7 4. Nf3 Qc7 5. e4 e5 6. dxe5 dxe5 7. Bg3 h6 8. Bc4 Ngf6 9. Qd2 Be7 10. O-O-O O-O 11. Rhe1 Bb4 12. a3 Ba5 13. b4 Bb6 14. Qd6 Qxd6 15. Rxd6 Bc7 16. Rdd1 b5 17. Bb3 Nh5 18. Re2 a5 19. Kb2 Nxg3 20. hxg3 Kh8 21. Red2 Nf6 22. Ne1 g6 23. Nd3 Kg7 24. f3 Nh5 25. g4 Nf4 26. Nxf4 exf4 27. Rd3 g5 28. R3d2 Be5 29. Rd8 Bxc3+ 30. Kxc3 a4 31. Ba2 Bb7 32. Rxa8 Bxa8 33. Rd7 Kf6 34. Kd4 Kg6 35. e5 Kg7 36. e6 Kf6 37. exf7 Rh8 38. Rd6+ Ke7 39. Re6+ Kd7 40. Rg6 Rf8 41. Rg8 Ke7 42. Ke5 Bb7 43. Rxf8 Kxf8 44. Kf6 1-0

[Event "4NCL Online Division 7"]
[Site "online"]
[Date "2021.03.09"]
[EventDate "2021.03.09"]
[Round "4.201"]
[White "Warren, Archie"]
[WhiteElo "1367"]
[WhiteTeam "Farnham C"]
[Black "Kanellopoulos, Panayotis"]
[BlackElo "2278"]
[BlackTeam "Colchester JFF A"]
[Result "0-1"]
[PlyCount "76"]

1. d4 Nf6 2. Bf4 c5 3. e3 e6 4. c3 b6 5. Nd2 Bb7 6. Ngf3 Be7 7. Bd3 d6 8. Qe2 cxd4 9. exd4 O-O 10. Ne4 Bxe4 11. Bxe4 Nxe4 12. Qxe4 Nd7 13. O-O Nf6 14. Qc2 Qd7 15. Rfe1 Rfc8 16. Rad1 b5 17. a3 a5 18. Qb3 Nd5 19. Bd2 Bf6 20. Rc1 Qc6 21. Re2 Rab8 22. Ne1 Qc4 23. Qxc4 bxc4 24. Be3 Rb3 25. Rb1 Nxc3 26. bxc3 Rxb1 27. g3 Rcb8 28. Kg2 R1b2 29. Rd2 Rxd2 30. Bxd2 Rb2 31. Nf3 Ra2 32. Bf4 Rxa3 33. Bd2 a4 34. h4 Rb3 35. g4 a3 36. g5 Be7 37. Ne1 a2 38. Nc2 Rb2 0-1

[Event "4NCL Online Division 7"]
[Site "online"]
[Date "2021.03.09"]
[EventDate "2021.03.09"]
[Round "4.202"]
[White "Rida, Ruqayyah"]
[WhiteElo "1574"]
[WhiteTeam "Colchester JFF A"]
[Black "Franklin, Tony"]
[BlackElo "1266"]
[BlackTeam "Farnham C"]
[Result "1-0"]
[PlyCount "85"]

1. e4 d5 2. exd5 Nf6 3. d4 Bg4 4. Nf3 Qxd5 5. Be2 Nc6 6. h3 Bf5 7. c3 O-O-O 8. O-O e5 9. c4 Qd7 10. dxe5 Ne4 11. Nbd2 Bc5 12. Nxe4 Bxe4 13. Qxd7+ Rxd7 14. Bf4 h6 15. Rad1 Rhd8 16. a3 g5 17. Bg3 Nd4 18. Nxd4 Bxd4 19. Bg4 Kb8 20. Bxd7 Rxd7 21. Rfe1 Bf5 22. Rd2 h5 23. Red1 Kc8 24. Rxd4 Rxd4 25. Rxd4 h4 26. Bh2 Bd7 27. f4 g4 28. hxg4 Bxg4 29. f5 Bxf5 30. Rxh4 Be6 31. c5 c6 32. b4 a6 33. Bf4 Kc7 34. Bg5 b6 35. Rh8 b5 36. Kf2 Kb7 37. Ke3 a5 38. Kf4 Bd5 39. g4 axb4 40. axb4 Kc7 41. Bf6 Kd7 42. g5 Ke6 43. Rd8 1-0

[Event "4NCL Online Division 7"]
[Site "online"]
[Date "2021.03.09"]
[EventDate "2021.03.09"]
[Round "4.203"]
[White "Warnock, Oliver"]
[WhiteElo "1258"]
[WhiteTeam "Farnham C"]
[Black "Catabay, Mae Katelyn Rose"]
[BlackElo "1565"]
[BlackTeam "Colchester JFF A"]
[Result "0-1"]
[PlyCount "78"]

1. d4 Nf6 2. c4 d6 3. Nc3 Nbd7 4. e4 g6 5. Nf3 Bg7 6. Be2 O-O 7. O-O Re8 8. Be3 e5 9. d5 Ng4 10. Bg5 f6 11. Bd2 Nc5 12. h3 Nh6 13. b4 Nd7 14. Qc1 Nf7 15. Be3 Nf8 16. Qd2 g5 17. a4 Ng6 18. c5 Bd7 19. cxd6 Nxd6 20. Rfc1 Nf4 21. Bxf4 exf4 22. Nd4 f5 23. exf5 Nxf5 24. Nxf5 Bxf5 25. Re1 c6 26. Bc4 Kh8 27. Rxe8+ Qxe8 28. dxc6 Qxc6 29. Bd5 Qxc3 30. Qxc3 Bxc3 31. Rc1 Bxb4 32. Bxb7 Re8 33. Rc4 Bd6 34. Rd4 Re1+ 35. Kh2 Be5 36. Rd8+ Kg7 37. Re8 f3+ 38. g3 Bxg3+ 39. Kxg3 Rxe8 0-1

[Event "4NCL Online Division 7"]
[Site "online"]
[Date "2021.03.09"]
[EventDate "2021.03.09"]
[Round "4.204"]
[White "Kanellopoulos, Nikolas"]
[WhiteElo "1531"]
[WhiteTeam "Colchester JFF A"]
[Black "Warren, Orla"]
[BlackElo "1186"]
[BlackTeam "Farnham C"]
[Result "1-0"]
[PlyCount "119"]

1. e4 e6 2. d4 d5 3. Nc3 Bb4 4. exd5 exd5 5. Bd2 Ne7 6. Nf3 Nbc6 7. Bb5 Bd7 8. O-O a6 9. Ba4 Bxc3 10. Bxc3 O-O 11. Bb3 a5 12. a3 Bg4 13. h3 Bh5 14. Qd3 Re8 15. Ng5 Bg6 16. Qd2 h6 17. Nf3 Nf5 18. Rfe1 Nd6 19. Bxd5 Qd7 20. Bxc6 Qxc6 21. Ne5 Qa6 22. Nxg6 Nc4 23. Qd3 Rxe1+ 24. Rxe1 fxg6 25. b3 Nd6 26. Qxa6 Rxa6 27. Re7 a4 28. Bb4 axb3 29. cxb3 Nb5 30. d5 Nxa3 31. Bxa3 Rxa3 32. Rxc7 Rxb3 33. d6 Rd3 34. d7 b5 35. Rc8+ Kf7 36. d8=Q Rxd8 37. Rxd8 b4 38. Rb8 Kf6 39. Rxb4 Kf5 40. g4+ Kg5 41. Kg2 Kh4 42. g5+ Kxg5 43. Kg3 h5 44. h4+ Kf5 45. Rb7 Kf6 46. Kf4 Ke6 47. Kg5 Kd5 48. Kxg6 Ke4 49. Kxh5 Kd5 50. Rxg7 Ke5 51. Kg5 Kd4 52. h5 Kd5 53. h6 Ke5 54. h7 Kd4 55. h8=Q Ke5 56. Qe8+ Kd5 57. Rd7+ Kc5 58. Qc8+ Kb5 59. Rb7+ Ka5 60. Qa8# 1-0

[Event "4NCL Online Division 7"]
[Site "online"]
[Date "2021.03.09"]
[EventDate "2021.03.09"]
[Round "4.211"]
[White "Chen, William"]
[WhiteElo "1320"]
[WhiteTeam "Maidenhead 3"]
[Black "Patel, Zain"]
[BlackElo "1444"]
[BlackTeam "KCJS 2"]
[Result "1-0"]
[PlyCount "79"]

1. e4 c5 2. Nf3 d6 3. d4 cxd4 4. Nxd4 Nf6 5. Nc3 a6 6. Bd3 e6 7. Bg5 b5 8. a3 Bb7 9. O-O Be7 10. Be3 O-O 11. Qd2 Nbd7 12. Rfe1 Rc8 13. Rad1 Nc5 14. f3 Nxd3 15. cxd3 d5 16. e5 Nd7 17. f4 b4 18. axb4 Bxb4 19. f5 exf5 20. Nxf5 Nxe5 21. Bh6 d4 22. Rxe5 dxc3 23. Qc1 cxb2 24. Qxb2 Bc3 25. Qe2 Qb6+ 26. Kh1 Bxe5 27. Qxe5 Bxg2+ 28. Kxg2 f6 29. Qd5+ Rf7 30. Ne7+ Kf8 31. Nxc8 Qb2+ 32. Kh1 Rb7 33. Qd8+ Kf7 34. Nd6+ Kg6 35. Rg1+ Kxh6 36. Nf5+ Kh5 37. Nxg7+ Kh6 38. Nf5+ Kh5 39. Qe8+ Rf7 40. Qxf7# 1-0

[Event "4NCL Online Division 7"]
[Site "online"]
[Date "2021.03.09"]
[EventDate "2021.03.09"]
[Round "4.212"]
[White "Gupta, Aarav G"]
[WhiteElo "1316"]
[WhiteTeam "KCJS 2"]
[Black "Thorley, Luke"]
[BlackElo "1350"]
[BlackTeam "Maidenhead 3"]
[Result "0-1"]
[PlyCount "124"]

1. e4 g6 2. Nf3 Bg7 3. Bc4 Nf6 4. d3 O-O 5. e5 Ng4 6. d4 c5 7. h3 Nh6 8. c3 Nc6 9. O-O Nf5 10. Bf4 Qb6 11. d5 Na5 12. Qd3 d6 13. Re1 dxe5 14. Nxe5 Bxe5 15. Bxe5 Nxc4 16. Qxc4 Qxb2 17. Qxc5 Qxa1 18. Qa3 f6 19. Bf4 a5 20. Rf1 b5 21. Bd2 Bb7 22. Bh6 Nxh6 23. Nd2 b4 24. cxb4 axb4 25. Qxa8 Rxa8 26. Rxa1 Bxd5 27. Rb1 Rb8 28. Rb2 Nf7 29. f4 e5 30. g3 g5 31. f5 e4 32. Kf2 Nd6 33. g4 Nc4 34. Nxc4 Bxc4 35. Ke3 b3 36. Kxe4 Kg7 37. Kd4 bxa2 38. Rxb8 Bf1 39. Ra8 Bxh3 40. Rxa2 Bxg4 41. Ke4 h5 42. Rg2 Bd1 43. Rd2 Ba4 44. Rh2 h4 45. Rh3 Bc2+ 46. Kf3 Bxf5 47. Rh2 g4+ 48. Kg2 h3+ 49. Kg3 Kg6 50. Kf4 Be6 51. Kg3 Kg5 52. Re2 Bf7 53. Rh2 f5 54. Rf2 Bc4 55. Rf4 h2 56. Rxg4+ fxg4 57. Kxh2 Kf4 58. Kh1 g3 59. Kg2 Bd5+ 60. Kg1 Kf3 61. Kf1 g2+ 62. Kg1 Bc4 0-1

[Event "4NCL Online Division 7"]
[Site "online"]
[Date "2021.03.09"]
[EventDate "2021.03.09"]
[Round "4.213"]
[White "Balachandar, Sridhar"]
[WhiteElo "1216"]
[WhiteTeam "Maidenhead 3"]
[Black "Buanne, Giulio"]
[BlackElo "1277"]
[BlackTeam "KCJS 2"]
[Result "1/2-1/2"]
[PlyCount "78"]

1. e4 c5 2. Bc4 Nc6 3. Nc3 d6 4. Nf3 e6 5. Bb5 Bd7 6. d4 cxd4 7. Nxd4 Nf6 8. Bg5 Be7 9. Nxc6 bxc6 10. Ba4 h6 11. Bxf6 Bxf6 12. Qxd6 Be7 13. Qg3 O-O 14. O-O-O Rb8 15. Bxc6 Qb6 16. Bxd7 Bg5+ 17. f4 Qxb2+ 18. Kd2 Be7 19. f5 Bg5+ 20. Kd3 Rfd8 21. fxe6 fxe6 22. Qd6 Rb7 23. Bxe6+ Kh8 24. Qxd8+ Bxd8 25. Rb1 Qa3 26. Rxb7 Qa6+ 27. Rb5 Qxe6 28. Rhb1 Kh7 29. Nd5 a6 30. Rb7 Qe5 31. g3 Qh5 32. Rd7 Qf3+ 33. Ne3 Ba5 34. Rbb7 Qf6 35. Rxg7+ Kh8 36. Rh7+ Kg8 37. Rhg7+ Kh8 38. Rh7+ Kg8 39. Rhg7+ Kh8 1/2-1/2

[Event "4NCL Online Division 7"]
[Site "online"]
[Date "2021.03.09"]
[EventDate "2021.03.09"]
[Round "4.214"]
[White "Ali, Shahyan"]
[WhiteElo "1247"]
[WhiteTeam "KCJS 2"]
[Black "Cavaco, Francisco"]
[BlackElo "1100"]
[BlackTeam "Maidenhead 3"]
[Result "1-0"]
[PlyCount "87"]

1. e4 c5 2. Bc4 a6 3. Nf3 e6 4. a3 b5 5. Ba2 c4 6. d3 Qa5+ 7. Qd2 Qxd2+ 8. Bxd2 cxd3 9. cxd3 Bb7 10. Nc3 d6 11. O-O g6 12. d4 Bg7 13. d5 exd5 14. exd5 Ne7 15. Rfe1 Nd7 16. Be3 Nc5 17. Bxc5 Bxd5 18. Bxd6 Ra7 19. Bxe7 Rxe7 20. Rxe7+ Kxe7 21. Bxd5 Re8 22. Re1+ Kd8 23. Rxe8+ Kxe8 24. Bb7 a5 25. Bc6+ Kf8 26. Bxb5 Bh6 27. b4 axb4 28. axb4 Ke7 29. Nd5+ Kd6 30. Bc4 Bc1 31. b5 Ba3 32. b6 Kc5 33. Ne5 Kd4 34. f4 f6 35. Nxf6 Bd6 36. Nfd7 Ke4 37. b7 Kxf4 38. Nf7 Ke4 39. Nxd6+ Kd4 40. b8=Q h5 41. Qb2+ Ke3 42. Qe2+ Kf4 43. Qe4+ Kg5 44. Nf7# 1-0

[Event "4NCL Online Division 7"]
[Site "online"]
[Date "2021.03.09"]
[EventDate "2021.03.09"]
[Round "4.221"]
[White "Grice, Keith"]
[WhiteElo "1435"]
[WhiteTeam "Far, Far Away"]
[Black "Hemmings, Peter J"]
[BlackElo "1626"]
[BlackTeam "Wantage B"]
[Result "1-0"]
[PlyCount "85"]

1. d4 d5 2. c4 e6 3. Nf3 c6 4. e3 Bd6 5. Nc3 Nf6 6. b3 Nbd7 7. Be2 O-O 8. O-O e5 9. dxe5 Nxe5 10. Bb2 dxc4 11. bxc4 Ng6 12. Rc1 Bf5 13. Nd4 Bd7 14. Qc2 a6 15. a4 Qc7 16. h3 Rae8 17. Bd3 Be6 18. Ne4 Nxe4 19. Nxe6 Rxe6 20. Bxe4 Rfe8 21. Bf5 R6e7 22. c5 Be5 23. Ba3 Nf8 24. Rfd1 g6 25. Bd3 Nd7 26. Qc4 Bh2+ 27. Kh1 Ne5 28. Qc3 Nxd3 29. Rxd3 Be5 30. Qd2 Qc8 31. Rd1 Bc7 32. Bb2 Rf8 33. f4 Ree8 34. Qc3 f6 35. Rd7 Rd8 36. Qc4+ Kh8 37. Qd4 Rxd7 38. Qxd7 Bb8 39. Qxc8 Rxc8 40. Rd7 Ba7 41. Bxf6+ Kg8 42. Bd4 Rb8 43. a5 1-0

[Event "4NCL Online Division 7"]
[Site "online"]
[Date "2021.03.09"]
[EventDate "2021.03.09"]
[Round "4.222"]
[White "Barker, Richard"]
[WhiteElo "1345"]
[WhiteTeam "Wantage B"]
[Black "Smith, Jonathan"]
[BlackElo "1392"]
[BlackTeam "Far, Far Away"]
[Result "0-1"]
[PlyCount "158"]

1. e4 e5 2. Nf3 Nc6 3. Bb5 a6 4. Ba4 Nf6 5. Nc3 d6 6. d3 Bd7 7. a3 g6 8. Bg5 Bg7 9. Bb3 h6 10. Be3 O-O 11. h3 Re8 12. O-O Be6 13. Bxe6 Rxe6 14. Nd5 Re8 15. Nh2 Nxd5 16. exd5 Ne7 17. c4 f5 18. d4 e4 19. Qd2 Kh7 20. Rab1 g5 21. f3 f4 22. fxe4 fxe3 23. Qxe3 Ng6 24. Rf2 Rf8 25. Rd2 Qe7 26. Nf1 Rae8 27. Ng3 Nh4 28. Qd3 Ng6 29. Re1 Nf4 30. Qc2 Kh8 31. Kh2 Qf7 32. Rf1 Qg6 33. c5 Nh5 34. Nf5 dxc5 35. dxc5 Be5+ 36. Kg1 Ng3 37. Nxg3 Bxg3 38. Rfd1 Qxe4 39. Qxe4 Rxe4 40. Rd3 Re1+ 41. Rxe1 Bxe1 42. d6 cxd6 43. Rxd6 Bf2+ 44. Kh1 Bxc5 45. Rxh6+ Kg7 46. Rh5 Kg6 47. g4 Be3 48. h4 Rf7 49. hxg5 Rh7 50. Rxh7 Kxh7 51. Kg2 Bxg5 52. Kf3 Bc1 53. b3 Bxa3 54. Kf4 Kg6 55. Ke4 Kg5 56. Kd5 b6 57. Kc6 Bc5 58. b4 Be3 59. Kd5 Kxg4 60. Kc4 Kf4 61. Kb3 Ke4 62. Ka4 Kd4 63. Kb3 Bd2 64. b5 a5 65. Kc2 Bb4 66. Kb3 Kc5 67. Ka4 Be1 68. Kb3 Kxb5 69. Ka3 Kc4 70. Ka4 b5+ 71. Ka3 a4 72. Kb2 b4 73. Kc2 b3+ 74. Kb2 Kb4 75. Kb1 a3 76. Ka1 Bc3+ 77. Kb1 a2+ 78. Kc1 b2+ 79. Kc2 b1=Q# 0-1